00673nam a2200181 a 450000100100000000500170001000800410002702000150006804000250008308200130010810000280012124500980014926000320024730000210027950000630030095201110036399900170047400004208620201002035930.0131113s2005 dr a 000 0 spa d a097719650x aDO-SdBNPbspacBNPHU axxxbxxx1 aPolanco, Román96907610aSuperaprendizaje :. :bpara aprender a estudiar, oir, escuchar y analizar /cRomán Polanco. aNew York, :b[s.d.],c2005. a144 p. ;c22 cm. aIncluye datos biografícos del autor en la contraportada. 0010718PDaPDbPDcCTd2013-11-13iLF1l0oxxx xxxp42086-10r2020-06-25w2020-06-25yLFPDZNo se presta c41575d41575